Decolonising Political Concepts (Record no. 81097)

MARC details
000 -LEADER
fixed length control field 03178namaa2200445uu 4500
001 - CONTROL NUMBER
control field doab122452
003 - CONTROL NUMBER IDENTIFIER
control field oapen
005 - DATE AND TIME OF LATEST TRANSACTION
control field 20260218110437.0
006 - FIXED-LENGTH DATA ELEMENTS--ADDITIONAL MATERIAL CHARACTERISTICS
fixed length control field m o d
007 - PHYSICAL DESCRIPTION FIXED FIELD--GENERAL INFORMATION
fixed length control field cr|mn|---annan
008 - FIXED-LENGTH DATA ELEMENTS--GENERAL INFORMATION
fixed length control field 231117s2024 xx |||||o ||| 0|eng d
020 ## - INTERNATIONAL STANDARD BOOK NUMBER
International Standard Book Number 9781003293460
020 ## - INTERNATIONAL STANDARD BOOK NUMBER
International Standard Book Number 9781003293460
020 ## - INTERNATIONAL STANDARD BOOK NUMBER
International Standard Book Number 9781032275918
020 ## - INTERNATIONAL STANDARD BOOK NUMBER
International Standard Book Number 9781032275970
024 7# - OTHER STANDARD IDENTIFIER
Standard number or code 10.4324/9781003293460
Source of number or code doi
040 ## - CATALOGING SOURCE
Original cataloging agency oapen
Transcribing agency oapen
Modifying agency
041 0# - LANGUAGE CODE
Language code of text/sound track or separate title eng
042 ## - AUTHENTICATION CODE
Authentication code dc
245 00 - TITLE STATEMENT
Title Decolonising Political Concepts
260 ## - PUBLICATION, DISTRIBUTION, ETC.
Name of publisher, distributor, etc. Taylor & Francis
Date of publication, distribution, etc. 2024
300 ## - PHYSICAL DESCRIPTION
Extent 1 online resource (197 p.)
336 ## - CONTENT TYPE
Content type term text
Content type code txt
Source rdacontent
337 ## - MEDIA TYPE
Media type term computer
Media type code c
Source rdamedia
338 ## - CARRIER TYPE
Carrier type term online resource
Carrier type code cr
Source rdacarrier
490 1# - SERIES STATEMENT
Series statement Routledge Research on Decoloniality and New Postcolonialisms
506 0# - RESTRICTIONS ON ACCESS NOTE
Standardized terminology for access restriction Unrestricted online access
Source of term star
520 ## - SUMMARY, ETC.
Summary, etc. This book presents a transdisciplinary and transnational challenge to the enduring coloniality of political concepts, discussing the need to decolonise both their theoretical constructions as well as their substantive translations into practices. Despite the acclaimed twentieth-century decolonisation waves, coloniality still remains in subtle and obvious practices, in visible and invisible mechanisms of power, and in the privileging of certain knowledges and the dismissing of others. Decolonising Political Concepts critically addresses the role political concepts play in the continuing legacies of colonialism and ongoing coloniality. This book, building on postcolonial and decolonial thinkers and ideas, demonstrates how concepts may be used as oppressing political and epistemological tools. By presenting efforts to decolonise political concepts, the book signals the potential for genuinely postcolonial academic and political contexts. Bringing together scholars from different disciplines and engaging with a wide array of geographical contexts, the chapters examine concepts such as agency, violence, freedom, or sovereignty. This book enables readers to critically engage with concepts used in political discourse and allows them to reflect on their impact and alternatives. It will appeal to graduate students and scholars from international relations, social sciences, or philosophy, as well as to socio-political actors engaged in decolonisation agendas. The Open Access version of this book, available at http://www.taylorfrancis.com, has been made available under a Creative Commons [Attribution-Non Commercial-No Derivatives (CC-BY-NC-ND)] 4.0 license.
540 ## - TERMS GOVERNING USE AND REPRODUCTION NOTE
Terms governing use and reproduction Creative Commons
-- https://creativecommons.org/licenses/by/4.0/
-- cc
Uniform Resource Identifier <a href="https://creativecommons.org/licenses/by/4.0/">https://creativecommons.org/licenses/by/4.0/</a>
546 ## - LANGUAGE NOTE
Language note English
650 #7 - SUBJECT ADDED ENTRY--TOPICAL TERM
Topical term or geographic name entry element Geography
Source of heading or term bicssc
650 #7 - SUBJECT ADDED ENTRY--TOPICAL TERM
Topical term or geographic name entry element Human geography
Source of heading or term bicssc
720 1# - ADDED ENTRY--UNCONTROLLED NAME
Name Clavé-Mercier, Valentin
Relator code edt
720 1# - ADDED ENTRY--UNCONTROLLED NAME
Name Clavé-Mercier, Valentin
Relator code oth
720 1# - ADDED ENTRY--UNCONTROLLED NAME
Name Wuth, Marie
Relator code edt
720 1# - ADDED ENTRY--UNCONTROLLED NAME
Name Wuth, Marie
Relator code oth
793 0# -
-- DOAB Library.
856 ## - ELECTRONIC LOCATION AND ACCESS
Uniform Resource Identifier <a href="https://docs.google.com/spreadsheets/d/1yKIrdCPDAG_9c22mwoOIO2DOhtj65Wqa/edit?usp=sharing&ouid=106555315294820607512&rtpof=true&sd=true ">https://docs.google.com/spreadsheets/d/1yKIrdCPDAG_9c22mwoOIO2DOhtj65Wqa/edit?usp=sharing&ouid=106555315294820607512&rtpof=true&sd=true </a>
Link text List of Curated E-Books
942 ## - ADDED ENTRY ELEMENTS (KOHA)
Koha item type E-Book
Holdings
Withdrawn status Damaged status Not for loan Home library Current library Date acquired Total Checkouts Date last seen Price effective from Koha item type
      Directory of Open Access Books Directory of Open Access Books 12/09/2024   12/09/2024 12/09/2024 E-Book

University of Rizal System
Email us at univlibservices@urs.edu.ph

Visit our Website www.urs.edu.ph/library